[Event "Schachfestival 2014 - Senioren"]
[Site "Woerishofen Bad"]
[Date "2014.03.26"]
[Round "6.51"]
[White "Collins, Alan"]
[Black "Girod, Gudrun"]
[Result "1/2-1/2"]
[WhiteElo "1732"]
[BlackElo "1565"]
[PlyCount "63"]
[EventDate "2014.03.21"]
[EventType "swiss"]
[EventCountry "GER"]
[WhiteTeam "Cowley"]
[BlackTeam "Hannover 96"]
[WhiteTeamCountry "ENG"]
[BlackTeamCountry "GER"]

1. d4 d5 2. Nf3 e6 3. Bf4 Nf6 4. e3 Bd6 5. Bd3 Bxf4 6. exf4 Nbd7 7. Nbd2 c5 8.
c3 Qb6 9. Rb1 Qd6 10. Ne5 cxd4 11. cxd4 Qb4 12. Nef3 O-O 13. O-O Nb6 14. a3 Qd6
15. Ne5 Bd7 16. g3 Bc6 17. Qe2 Rac8 18. Ndf3 Qb8 19. Rfc1 Bd7 20. Nxd7 Nbxd7
21. Ne5 Rxc1+ 22. Rxc1 Rc8 23. Rd1 Nxe5 24. fxe5 Ne8 25. f4 g6 26. Rf1 Ng7 27.
g4 a5 28. Rf2 Qa7 29. Qe3 Qb6 30. Kg2 Qb3 31. Re2 Qb6 32. Kf3 1/2-1/2

[Event "Schachfestival 2014 - Senioren"]
[Site "Woerishofen Bad"]
[Date "2014.03.26"]
[Round "6.27"]
[White "Niedermaier, Peter"]
[Black "Koenigl, Anton"]
[Result "0-1"]
[WhiteElo "1844"]
[BlackElo "1917"]
[Annotator "Rondio,Thomas"]
[PlyCount "78"]
[EventDate "2014.03.21"]
[EventType "swiss"]
[EventCountry "GER"]
[WhiteTeam "SU Ebersberg-Grafing"]
[BlackTeam "FC Ergolding 1932 e.V."]
[WhiteTeamCountry "GER"]
[BlackTeamCountry "GER"]

1. e4 c5 2. Nf3 Nc6 3. d4 cxd4 4. Nxd4 Nf6 5. Nc3 e6 6. Be2 a6 7. a3 Qc7 8. O-O
Be7 9. Be3 O-O 10. Rc1 b5 11. Nxc6 dxc6 12. Bf3 Bb7 13. Qe2 Nd7 14. g3 Nb6 15.
Rb1 Nc4 16. Bf4 e5 17. Bc1 Rad8 18. a4 Bc8 19. axb5 axb5 20. Nd1 Qa5 21. Be3
Nd2 22. Bxd2 Rxd2 23. Qe1 Rfd8 24. Ne3 Be6 25. c3 Qa2 26. Nd5 Bg5 27. Nb4 Qa8
28. Be2 Bh3 29. f4 Bxf1 30. Qxf1 exf4 31. gxf4 Bh6 32. f5 Qa7+ 33. Kh1 Qe3 34.
Re1 Bf4 35. Nxc6 Qxe4+ 36. Bf3 Rxh2+ 37. Kg1 Be3+ 38. Kxh2 Qh4+ 39. Kg2 Rd2+
$138 0-1

[Event "Schachfestival 2014 - Senioren"]
[Site "Woerishofen Bad"]
[Date "2014.03.26"]
[Round "6.47"]
[White "Gulinelli, Euro"]
[Black "Hommann, Horst"]
[Result "1-0"]
[WhiteElo "1579"]
[BlackElo "1843"]
[PlyCount "79"]
[EventDate "2014.03.21"]
[EventType "swiss"]
[EventCountry "GER"]
[WhiteTeam "Faenza"]
[BlackTeam "WSG Halle-Neustadt"]
[WhiteTeamCountry "ITA"]
[BlackTeamCountry "GER"]

1. e4 g6 2. d4 Bg7 3. Nf3 d6 4. Be3 Nf6 5. Nc3 c6 6. h3 Qc7 7. Qd2 e5 8. dxe5
dxe5 9. Bc5 Bf8 10. Bxf8 Rxf8 11. Qg5 Nbd7 12. O-O-O b5 13. Nxb5 cxb5 14. Bxb5
Nxe4 15. Qe3 f5 16. Rd5 Ke7 17. Rhd1 Rd8 18. Qh6 Nd6 19. Qxh7+ Nf7 20. Ng5 Rf8
21. Bxd7 Bxd7 22. Nxf7 Be6 23. Nxe5+ Rf7 24. Nxf7 Qf4+ 25. Kb1 Bxd5 26. Rxd5
Qxf2 27. Nd8+ Kf6 28. Qf7+ Kg5 29. Ne6+ Kh4 30. Qf6+ Kg3 31. Qg5+ Kh2 32. Qf4+
Qxf4 33. Nxf4 g5 34. Rxf5 gxf4 35. Rxf4 Kxg2 36. h4 Kg3 37. Rd4 Rh8 38. b3 Kf3
39. Kb2 Ke3 40. Rc4 1-0

[Event "Schachfestival 2014 - Senioren"]
[Site "Woerishofen Bad"]
[Date "2014.03.26"]
[Round "6.2"]
[White "Baum, Bernd"]
[Black "Goy, Udo"]
[Result "1/2-1/2"]
[WhiteElo "2302"]
[BlackElo "2178"]
[PlyCount "99"]
[EventDate "2014.03.21"]
[EventType "swiss"]
[EventCountry "GER"]
[WhiteTeam "SV Empor Erfurt"]
[BlackTeam "Ford-Schachfreunde Köln e.V."]
[WhiteTeamCountry "GER"]
[BlackTeamCountry "GER"]

1. c4 e5 2. g3 Nc6 3. Bg2 f5 4. Nc3 Nf6 5. d3 Bb4 6. Bd2 O-O 7. e3 Bxc3 8. Bxc3
d5 9. Ne2 Be6 10. b3 Qe8 11. Qc2 Rd8 12. O-O-O a5 13. Kb1 Qe7 14. cxd5 Bxd5 15.
Bxd5+ Nxd5 16. d4 e4 17. Nf4 Nxf4 18. gxf4 Rd5 19. Rhg1 Rf6 20. Rc1 Qf7 21. Bd2
Rb5 22. Qc4 Qxc4 23. Rxc4 Rh6 24. Rg2 Kf7 25. Bc1 g6 26. Ba3 Ke6 27. Bf8 Rh3
28. Bg7 Rd5 29. Kc1 Rd7 30. Be5 Nxe5 31. fxe5 f4 32. exf4 Rf3 33. Kd2 Rd3+ 34.
Ke2 R3xd4 35. Rxd4 Rxd4 36. Ke3 c5 37. f3 exf3 38. Kxf3 a4 39. bxa4 Rxa4 40.
Kg4 b5 41. Rb2 b4 42. Rc2 Ra5 43. Kg5 Rb5 44. h4 Ra5 45. h5 gxh5 46. Re2 c4 47.
f5+ Ke7 48. Kh6 Ra3 49. Rb2 Re3 50. Rxb4 1/2-1/2

[Event "Schachfestival 2014 - Senioren"]
[Site "Woerishofen Bad"]
[Date "2014.03.26"]
[Round "6.19"]
[White "Mentel, Juergen"]
[Black "Klein, Reinhard"]
[Result "1/2-1/2"]
[WhiteElo "2014"]
[BlackElo "1927"]
[PlyCount "47"]
[EventDate "2014.03.21"]
[EventType "swiss"]
[EventCountry "GER"]
[WhiteTeam "Greifswalder SV"]
[BlackTeam "SC Roter Turm Altstadt"]
[WhiteTeamCountry "GER"]
[BlackTeamCountry "GER"]

1. e4 c5 2. Nf3 d6 3. c3 Nf6 4. Be2 Nc6 5. d3 g6 6. O-O Bg7 7. Bg5 O-O 8. Qd2
Qb6 9. Na3 Be6 10. b3 Qc7 11. h3 a6 12. Rac1 Qa5 13. Nb1 h6 14. Bf4 Kh7 15.
Rfe1 Rac8 16. Bf1 Nh5 17. Bh2 Ne5 18. Be2 Nxf3+ 19. Bxf3 b5 20. Qe2 Nf6 21.
Rcd1 b4 22. c4 Nd7 23. Rc1 Be5 24. Qc2 1/2-1/2

[Event "Schachfestival 2014 - Senioren"]
[Site "Woerishofen Bad"]
[Date "2014.03.26"]
[Round "6.18"]
[White "Fels, Karl Heinz"]
[Black "Eichler, Gottfried"]
[Result "1/2-1/2"]
[WhiteElo "1882"]
[BlackElo "2030"]
[PlyCount "65"]
[EventDate "2014.03.21"]
[EventType "swiss"]
[EventCountry "GER"]
[WhiteTeam "Stuttgarter SF 1879"]
[BlackTeam "MTV Dannenberg"]
[WhiteTeamCountry "GER"]
[BlackTeamCountry "GER"]

1. e4 c5 2. Nf3 a6 3. Nc3 d6 4. d4 cxd4 5. Nxd4 Nf6 6. Be2 e6 7. O-O Be7 8. Be3
O-O 9. Qd2 Qc7 10. a3 Nc6 11. f4 Bd7 12. Rad1 Rac8 13. g4 Nxd4 14. Bxd4 e5 15.
Be3 Bxg4 16. Bxg4 Nxg4 17. Nd5 Qd8 18. Bb6 Qd7 19. c3 Rc6 20. Qg2 Nf6 21. Be3
exf4 22. Bxf4 Bd8 23. Bg5 Nxd5 24. Rxd5 Bxg5 25. Qxg5 Rc4 26. Qf4 Qe7 27. Re1
Rd8 28. Qf5 Qe6 29. Qf3 f6 30. b3 Rcc8 31. c4 Re8 32. Qg3 Rc6 33. Qf4 1/2-1/2

[Event "Schachfestival 2014 - Senioren"]
[Site "Woerishofen Bad"]
[Date "2014.03.26"]
[Round "6.41"]
[White "Flockerzi, Armin"]
[Black "Meinke, Dietlind"]
[Result "1/2-1/2"]
[WhiteElo "1815"]
[BlackElo "1925"]
[PlyCount "109"]
[EventDate "2014.03.21"]
[EventType "swiss"]
[EventCountry "GER"]
[WhiteTeam "VfR-SC Koblenz"]
[BlackTeam "MTV Leck von 1889"]
[WhiteTeamCountry "GER"]
[BlackTeamCountry "GER"]

1. Nf3 Nf6 2. d4 e6 3. g3 b6 4. Bg2 Bb7 5. c4 d5 6. cxd5 Bxd5 7. O-O Be7 8. Nc3
Bb7 9. a3 O-O 10. Re1 c5 11. dxc5 Bxc5 12. b4 Be7 13. Bb2 Nbd7 14. Qd2 Rc8 15.
Red1 Qc7 16. Rac1 Qb8 17. e3 Rfd8 18. Qe2 a6 19. Ne1 b5 20. Bxb7 Qxb7 21. Rd3
Nb6 22. Rcd1 Rxd3 23. Nxd3 h6 24. Nb1 Na4 25. Bd4 Nd5 26. Qd2 Bf6 27. Nc5 Nxc5
28. Bxc5 Qc7 29. e4 Nb6 30. Bxb6 Qxb6 31. Kg2 Rd8 32. Qc2 Rxd1 33. Qxd1 Qd4 34.
Qxd4 Bxd4 35. f3 Kf8 36. g4 Ke7 37. Kf1 Kd6 38. Ke2 Bb2 39. f4 g6 40. h4 f5 41.
Kf3 fxe4+ 42. Kxe4 Kc6 43. h5 gxh5 44. gxh5 Kb6 45. f5 exf5+ 46. Kxf5 a5 47.
Ke4 a4 48. Kd5 Bc1 49. Kd6 Bf4+ 50. Kd5 Bc1 51. Kd6 Bb2 52. Kd5 Bc1 53. Kd6
Bf4+ 54. Kd5 Bc7 55. Nc3 1/2-1/2

[Event "Schachfestival 2014 - Senioren"]
[Site "Woerishofen Bad"]
[Date "2014.03.26"]
[Round "6.28"]
[White "Mahrla, Hans"]
[Black "Krotofil, Kurt"]
[Result "1-0"]
[WhiteElo "1842"]
[BlackElo "1914"]
[PlyCount "145"]
[EventDate "2014.03.21"]
[EventType "swiss"]
[EventCountry "GER"]
[WhiteTeam "SC Eichenau"]
[BlackTeam "Niendorfer TSV 1919 SAbt"]
[WhiteTeamCountry "GER"]
[BlackTeamCountry "GER"]

1. d4 Nf6 2. f4 g6 3. Nf3 Bg7 4. e3 O-O 5. c3 d6 6. Bd3 Nbd7 7. O-O e5 8. fxe5
dxe5 9. e4 exd4 10. cxd4 c5 11. d5 Qb6 12. Kh1 Ng4 13. Qd2 Bh6 14. Qc3 Bxc1 15.
Qxc1 c4 16. Bxc4 Nf2+ 17. Rxf2 Qxf2 18. Nc3 Nf6 19. e5 Ng4 20. Ne4 Qe3 21. Qxe3
Nxe3 22. Bb3 Bf5 23. Nf6+ Kg7 24. h3 Bc2 25. Bxc2 Nxc2 26. Rc1 Rac8 27. Rd1
Rfd8 28. d6 Ne3 29. Re1 Nc4 30. d7 Rc6 31. Ne8+ Kf8 32. Nd4 Rxd7 33. Nxc6 bxc6
34. Nf6 Re7 35. b3 Nxe5 36. Rxe5 Rxe5 37. Nd7+ Ke7 38. Nxe5 Kd6 39. Nxf7+ Kc5
40. Ne5 Kd5 41. Nf3 Ke4 42. Kg1 c5 43. Kf1 Kd3 44. Ke1 Kc2 45. Nd2 a5 46. a4
Kc3 47. Kd1 Kb2 48. g4 h6 49. Ke2 Kc3 50. Ke3 g5 51. Ke2 Kc2 52. Ke3 Kc3 53.
Nc4 Kb4 54. Ke4 Kxb3 55. Nxa5+ Kxa4 56. Nc4 Kb3 57. Kd3 Kb4 58. Ne5 Kb3 59. Ke4
Kc3 60. Nf7 Kd2 61. Kf3 Kd3 62. Ne5+ Kd4 63. Nc6+ Kd5 64. Na5 Ke5 65. Ke3 Kd5
66. Kd3 Ke5 67. Ke3 Kd5 68. Nb3 c4 69. Nc1 Kc5 70. Ke4 Kb4 71. Kd4 Ka3 72. Kc3
Ka4 73. Kxc4 1-0

[Event "Schachfestival 2014 - Senioren"]
[Site "Woerishofen Bad"]
[Date "2014.03.26"]
[Round "6.6"]
[White "Johnsen, Oystein"]
[Black "Ofstad, Per"]
[Result "0-1"]
[WhiteElo "2048"]
[BlackElo "2164"]
[PlyCount "120"]
[EventDate "2014.03.21"]
[EventType "swiss"]
[EventCountry "GER"]
[WhiteTeam "Tönsberg"]
[BlackTeam "Oslo Schakselskap"]
[WhiteTeamCountry "NOR"]
[BlackTeamCountry "NOR"]

1. Nf3 d5 2. d4 Nf6 3. e3 c6 4. Bd3 Bg4 5. Nbd2 Nbd7 6. c4 e6 7. O-O Bd6 8. h3
Bh5 9. cxd5 exd5 10. b3 O-O 11. Bb2 Re8 12. Qc2 Qe7 13. Rae1 Ne4 14. Rc1 Rac8
15. Be2 Bg6 16. Nxe4 Bxe4 17. Qd1 Bc7 18. g3 Bd6 19. Bd3 Qf6 20. Bxe4 Rxe4 21.
Kg2 Qg6 22. Qd3 f5 23. Nd2 Re6 24. Rce1 Rce8 25. Bc1 Nf6 26. Nf3 Ne4 27. Nh4
Qg5 28. Nf3 Qe7 29. Nd2 Qc7 30. f4 Bb4 31. a3 Bxd2 32. Bxd2 Rg6 33. Rf3 Qe7 34.
Rg1 Qxa3 35. Kh2 h5 36. Rg2 Qe7 37. Be1 Re6 38. Re2 g6 39. b4 Nd6 40. Kg2 Nc4
41. Bd2 Kg7 42. Re1 Nd6 43. g4 Ne4 44. g5 Nd6 45. Rf2 Nb5 46. Rfe2 Rd6 47. Kf2
Qe4 48. Qxe4 Rxe4 49. Ra1 Rd8 50. Ree1 Kf7 51. Rec1 Ke7 52. Ra2 Kd7 53. Ra5 a6
54. Ra2 Rde8 55. Re1 Nd6 56. Bc1 Nc4 57. Rae2 Kc7 58. Bd2 Nb2 59. Rb1 Nd3+ 60.
Kg3 Nxf4 0-1

[Event "Schachfestival 2014 - Senioren"]
[Site "Woerishofen Bad"]
[Date "2014.03.26"]
[Round "6.46"]
[White "Bretscher, Robert"]
[Black "Paulsen, Eckart"]
[Result "0-1"]
[WhiteElo "1631"]
[BlackElo "1856"]
[PlyCount "96"]
[EventDate "2014.03.21"]
[EventType "swiss"]
[EventCountry "GER"]
[WhiteTeam "Roche Basel"]
[BlackTeam "Post SV Neustadt"]
[WhiteTeamCountry "SUI"]
[BlackTeamCountry "GER"]

1. e4 c6 2. d4 d5 3. Nc3 dxe4 4. Nxe4 Bf5 5. Ng3 Bg6 6. Nf3 Nd7 7. Be2 Ngf6 8.
O-O e6 9. Bg5 Be7 10. c4 O-O 11. b3 h6 12. Bf4 Re8 13. Bd3 Bxd3 14. Qxd3 Bf8
15. Qc2 Qb6 16. h3 c5 17. dxc5 Bxc5 18. Ne4 Nxe4 19. Qxe4 Nf6 20. Qe5 Rad8 21.
Rae1 Bd6 22. Qe3 Bc5 23. Qc3 Bb4 24. Qe3 Bxe1 25. Qxe1 Qa6 26. Qa1 Nd7 27. Re1
Nc5 28. Be3 Nd3 29. Re2 e5 30. Nh4 Qf6 31. Nf3 b6 32. Qc3 Qd6 33. Nh4 Qf6 34.
Nf3 Qe7 35. Kf1 g5 36. Qa1 f6 37. Bd2 Qd7 38. Bc3 Nf4 39. Rd2 Qc7 40. Rc2 Rd3
41. Ne1 Rd7 42. Nf3 Red8 43. Nd2 Qc6 44. f3 Nh5 45. Kg1 Qc5+ 46. Kh2 Qe3 47.
Nf1 Qf4+ 48. Kh1 Rd1 0-1

[Event "Schachfestival 2014 - Senioren"]
[Site "Woerishofen Bad"]
[Date "2014.03.26"]
[Round "6.7"]
[White "Harsch, Martin"]
[Black "Nordby, Berndt"]
[Result "1/2-1/2"]
[WhiteElo "2013"]
[BlackElo "2098"]
[PlyCount "35"]
[EventDate "2014.03.21"]
[EventType "swiss"]
[EventCountry "GER"]
[WhiteTeam "Roche Basel"]
[BlackTeam "Sarpsborg SK"]
[WhiteTeamCountry "SUI"]
[BlackTeamCountry "NOR"]

1. e4 e6 2. d4 d5 3. Nd2 Nf6 4. e5 Nfd7 5. c3 c5 6. Bd3 Nc6 7. Ne2 cxd4 8. cxd4
f6 9. exf6 Qxf6 10. Nf3 h6 11. O-O Bd6 12. Be3 O-O 13. Rc1 Rd8 14. Bb1 Nf8 15.
Re1 Bd7 16. Nc3 Be8 17. a3 Rdc8 18. Bd3 1/2-1/2

[Event "Schachfestival 2014 - Senioren"]
[Site "Woerishofen Bad"]
[Date "2014.03.26"]
[Round "6.32"]
[White "Knollmueller, Peter"]
[Black "Storkebaum, Karl Heinrich"]
[Result "1/2-1/2"]
[WhiteElo "1853"]
[BlackElo "1959"]
[PlyCount "86"]
[EventDate "2014.03.21"]
[EventType "swiss"]
[EventCountry "GER"]
[WhiteTeam "SK Töging"]
[BlackTeam "SAbt TEC Darmstadt"]
[WhiteTeamCountry "GER"]
[BlackTeamCountry "GER"]

1. d4 Nf6 2. Nf3 e6 3. c4 d5 4. e3 Be7 5. Bd3 b6 6. Nc3 Bb7 7. cxd5 exd5 8. O-O
O-O 9. Qc2 c5 10. b3 Nc6 11. a3 a6 12. Bb2 cxd4 13. Nxd4 Nxd4 14. exd4 g6 15.
Rfe1 Bd6 16. h3 Nh5 17. Ne2 Qh4 18. Bc1 Rac8 19. Qd2 Rxc1 20. Raxc1 Bc8 21. Qe3
Nf4 22. g3 Nxh3+ 23. Kg2 Qg5 24. Qxg5 Nxg5 25. f4 Ne4 26. Bxe4 dxe4 27. b4 Bb7
28. Kf2 f5 29. Rc3 Rc8 30. Rxc8+ Bxc8 31. Nc3 b5 32. Ke3 Bb7 33. d5 Kf7 34. Kd4
Kf6 35. Rb1 Bc8 36. Rh1 h5 37. Ne2 Bd7 38. Rc1 Ke7 39. Rc3 Bb8 40. Rc1 Kd6 41.
Rd1 Ba7+ 42. Kc3 Be8 43. Nd4 Bd7 1/2-1/2

[Event "Schachfestival 2014 - Senioren"]
[Site "Woerishofen Bad"]
[Date "2014.03.26"]
[Round "6.14"]
[White "Mittermaier, Walter"]
[Black "Huhn, Ulrich"]
[Result "1/2-1/2"]
[WhiteElo "2104"]
[BlackElo "1908"]
[PlyCount "22"]
[EventDate "2014.03.21"]
[EventType "swiss"]
[EventCountry "GER"]
[WhiteTeam "SAbt TSV Haunstetten"]
[BlackTeam "SF Siemensstadt"]
[WhiteTeamCountry "GER"]
[BlackTeamCountry "GER"]

1. d4 d5 2. c4 c6 3. Nc3 Nf6 4. Nf3 dxc4 5. a4 Bf5 6. e3 e6 7. Bxc4 Bb4 8. O-O
Nbd7 9. Bd2 O-O 10. e4 Bg4 11. e5 Ne8 1/2-1/2

[Event "Schachfestival 2014 - Senioren"]
[Site "Woerishofen Bad"]
[Date "2014.03.26"]
[Round "6.31"]
[White "Koch, Dieter"]
[Black "Reinke, Kurt"]
[Result "0-1"]
[WhiteElo "1809"]
[BlackElo "1884"]
[PlyCount "44"]
[EventDate "2014.03.21"]
[EventType "swiss"]
[EventCountry "GER"]
[WhiteTeam "SC Ammersee"]
[BlackTeam "SG Benrath"]
[WhiteTeamCountry "GER"]
[BlackTeamCountry "GER"]

1. d4 d6 2. c4 e5 3. d5 f5 4. Nf3 Nf6 5. Bg5 Be7 6. Bxf6 Bxf6 7. Nc3 O-O 8. e3
Na6 9. h4 Nc5 10. Nd2 e4 11. Qc2 Bd7 12. b4 Na4 13. Nxa4 Bxa1 14. Nc3 Qf6 15.
Ne2 Rae8 16. g3 Be5 17. Nb3 Ba4 18. Nf4 Bc3+ 19. Kd1 Bxb4 20. Ne6 Bxb3 21. axb3
Qa1+ 22. Ke2 Qe1# 0-1

[Event "Schachfestival 2014 - Senioren"]
[Site "Woerishofen Bad"]
[Date "2014.03.26"]
[Round "6.54"]
[White "Hartlaub, Marianne"]
[Black "Rothenhagen, Siegfried"]
[Result "0-1"]
[WhiteElo "1596"]
[BlackElo "1816"]
[PlyCount "100"]
[EventDate "2014.03.21"]
[EventType "swiss"]
[EventCountry "GER"]
[WhiteTeam "SK 1982 Klingenberg/Main"]
[BlackTeam "SC Ammersee"]
[WhiteTeamCountry "GER"]
[BlackTeamCountry "GER"]

1. c4 Nf6 2. Nc3 d5 3. d4 c6 4. b3 Bf5 5. Nf3 h6 6. Bb2 e6 7. g3 Bb4 8. Bg2 Ne4
9. Rc1 Qa5 10. Nd2 Nxc3 11. Bxc3 Bxc3 12. cxd5 exd5 13. a3 Bxd2+ 14. Qxd2 Qxd2+
15. Kxd2 O-O 16. Rhe1 Re8 17. f3 Nd7 18. e4 dxe4 19. fxe4 Bh7 20. Re3 Re7 21.
Rce1 Rae8 22. a4 Nf6 23. Kd3 Ng4 24. R3e2 Nxh2 25. Kc3 Ng4 26. e5 Bf5 27. Be4
Bxe4 28. Rxe4 Nf6 29. Rf4 Nd5+ 30. Kc4 Nxf4 31. gxf4 Rd7 32. f5 Rd5 33. b4 Red8
34. Re4 Kf8 35. Rf4 Kg8 36. Rg4 Kh7 37. Rf4 b5+ 38. axb5 cxb5+ 39. Kc3 Rc8+ 40.
Kd3 Rc4 41. e6 fxe6 42. fxe6 Rc7 43. Ke4 Rh5 44. d5 Rc4+ 45. Kf3 Rxd5 46. Rxc4
bxc4 47. Ke4 Rd1 48. b5 c3 49. e7 Re1+ 50. Kd3 Rxe7 0-1

[Event "Schachfestival 2014 - Senioren"]
[Site "Woerishofen Bad"]
[Date "2014.03.26"]
[Round "6.48"]
[White "Alefs, Heinz"]
[Black "Wagner, Gerhard"]
[Result "1/2-1/2"]
[WhiteElo "1823"]
[BlackElo "1795"]
[PlyCount "52"]
[EventDate "2014.03.21"]
[EventType "swiss"]
[EventCountry "GER"]
[WhiteTeam "SC Eichenau"]
[BlackTeam "Sportfr.Windach e.V.1923"]
[WhiteTeamCountry "GER"]
[BlackTeamCountry "GER"]

1. d4 d5 2. e3 Nf6 3. f4 Bf5 4. Nf3 e6 5. Bd3 Bxd3 6. Qxd3 Nbd7 7. O-O a6 8. c4
c6 9. a3 Rc8 10. c5 Ne4 11. Nc3 f5 12. Ne5 Be7 13. Na4 Nxe5 14. fxe5 O-O 15.
Bd2 Bg5 16. Rf3 Qd7 17. Nb6 Qd8 18. Nxc8 Qxc8 19. Raf1 Rf7 20. Be1 Qd8 21. Bg3
g6 22. Bf4 Kg7 23. Qe2 Rf8 24. Qe1 Bh4 25. g3 Be7 26. h4 h6 1/2-1/2

[Event "Schachfestival 2014 - Senioren"]
[Site "Woerishofen Bad"]
[Date "2014.03.26"]
[Round "6.9"]
[White "Bauder, Herbert"]
[Black "Schmidt, Wolfgang"]
[Result "1/2-1/2"]
[WhiteElo "1961"]
[BlackElo "2080"]
[PlyCount "34"]
[EventDate "2014.03.21"]
[EventType "swiss"]
[EventCountry "GER"]
[WhiteTeam "SG Lasker Steglitz-Wilmersdorf"]
[BlackTeam "SC Emmendingen 1937 e.V."]
[WhiteTeamCountry "GER"]
[BlackTeamCountry "GER"]

1. d4 g6 2. Nf3 Nf6 3. c4 Bg7 4. Nc3 O-O 5. e4 d6 6. Be2 e5 7. O-O Nc6 8. d5
Ne7 9. Ne1 Ne8 10. Be3 f5 11. f3 f4 12. Bf2 g5 13. c5 Ng6 14. cxd6 cxd6 15. Rc1
Rf7 16. Nb5 a6 17. Nc3 Nf6 1/2-1/2

[Event "Schachfestival 2014 - Senioren"]
[Site "Woerishofen Bad"]
[Date "2014.03.26"]
[Round "6.23"]
[White "Reimann, Guenther"]
[Black "Hager, Eberhard"]
[Result "1/2-1/2"]
[WhiteElo "1929"]
[BlackElo "1882"]
[PlyCount "54"]
[EventDate "2014.03.21"]
[EventType "swiss"]
[EventCountry "GER"]
[WhiteTeam "SC Magstadt"]
[BlackTeam "SC Friedberg im Gehörl. Sportver"]
[WhiteTeamCountry "GER"]
[BlackTeamCountry "GER"]

1. c4 e5 2. d3 Nf6 3. Nf3 d6 4. g3 Nc6 5. Bg2 Be7 6. O-O O-O 7. a3 a5 8. Qc2
Bg4 9. e3 Qc8 10. Nc3 Nd8 11. d4 exd4 12. Nxd4 Bh3 13. Nd5 Nxd5 14. cxd5 Bxg2
15. Kxg2 Qd7 16. Bd2 Bf6 17. Bc3 c6 18. dxc6 bxc6 19. Rfd1 Bxd4 20. Bxd4 Ne6
21. Rac1 c5 22. Bc3 Ng5 23. Qe2 Rfe8 24. h4 Qh3+ 25. Kg1 Ne4 26. Qf3 Qe6 27.
Kg2 a4 1/2-1/2

[Event "Schachfestival 2014 - Senioren"]
[Site "Woerishofen Bad"]
[Date "2014.03.26"]
[Round "6.58"]
[White "Schulz, Franz"]
[Black "Neiss, Albrecht"]
[Result "1/2-1/2"]
[WhiteElo "1670"]
[BlackElo "1633"]
[PlyCount "79"]
[EventDate "2014.03.21"]
[EventType "swiss"]
[EventCountry "GER"]
[WhiteTeam "SV Ebersbach"]
[BlackTeam "SC Kirchseeon e.V."]
[WhiteTeamCountry "GER"]
[BlackTeamCountry "GER"]

1. b4 e5 2. Bb2 f6 3. a3 Nh6 4. e3 d5 5. d4 Nf7 6. dxe5 Nxe5 7. Bxe5 fxe5 8.
Qh5+ Ke7 9. Qxe5+ Be6 10. Nf3 Nc6 11. Qc3 Qd6 12. Bb5 Bd7 13. O-O Re8 14. Bxc6
Bxc6 15. Nd4 Kd8 16. Nxc6+ Qxc6 17. Qd4 b6 18. Nc3 Kc8 19. Rac1 Be7 20. Ne2 Bf6
21. Qd3 g5 22. Nd4 Bxd4 23. Qxd4 h5 24. Rfd1 Rd8 25. Qg7 g4 26. Rd3 Rhg8 27.
Qe5 h4 28. Rc3 Qd7 29. Rf1 h3 30. g3 Rgf8 31. Rd3 Rf5 32. Qb2 Qe6 33. Rd4 Rg5
34. Qc3 Re5 35. Rf4 Re4 36. Qf6 Qd7 37. Qf5 Rxf4 38. Qxd7+ Kxd7 39. exf4 Re8
40. Rc1 1/2-1/2

[Event "Schachfestival 2014 - Senioren"]
[Site "Woerishofen Bad"]
[Date "2014.03.26"]
[Round "6.30"]
[White "Reichwald, Klaus"]
[Black "Dombrowe, Eckehard"]
[Result "1-0"]
[WhiteElo "1894"]
[BlackElo "1828"]
[PlyCount "69"]
[EventDate "2014.03.21"]
[EventType "swiss"]
[EventCountry "GER"]
[WhiteTeam "SC Lohhof 1950 e.V."]
[BlackTeam "Schachgemeinschaft Nettetal 1929"]
[WhiteTeamCountry "GER"]
[BlackTeamCountry "GER"]

1. e4 e5 2. Nf3 Nf6 3. d4 Nxe4 4. Bd3 d5 5. Nxe5 Nf6 6. O-O Be7 7. Nd2 O-O 8.
Ndf3 Bg4 9. h3 Bxf3 10. Qxf3 Nbd7 11. Re1 c6 12. Bg5 Nxe5 13. dxe5 Ne4 14. Bxe7
Qxe7 15. Bxe4 dxe4 16. Qxe4 Rad8 17. Rad1 Qe6 18. b3 Rfe8 19. f4 Rd7 20. Rd3
Qe7 21. Red1 Red8 22. Rxd7 Rxd7 23. Rxd7 Qxd7 24. Qd3 Qc7 25. g3 g6 26. a4 Qa5
27. Kf2 Qc5+ 28. Kf3 h5 29. e6 fxe6 30. Qxg6+ Kh8 31. Qh6+ Kg8 32. Qxe6+ Kh7
33. Qe4+ Kg8 34. Qg6+ Kf8 35. Qf6+ 1-0

[Event "Schachfestival 2014 - Senioren"]
[Site "Woerishofen Bad"]
[Date "2014.03.26"]
[Round "6.42"]
[White "Narr, Irmgard"]
[Black "Lubberich, Alfred"]
[Result "1/2-1/2"]
[WhiteElo "1761"]
[BlackElo "1892"]
[PlyCount "52"]
[EventDate "2014.03.21"]
[EventType "swiss"]
[EventCountry "GER"]
[WhiteTeam "SC Mühlh.-R.Nürnberg"]
[BlackTeam "Schachgemeinschaft Nettetal 1929"]
[WhiteTeamCountry "GER"]
[BlackTeamCountry "GER"]

1. e4 d6 2. Nf3 Nf6 3. Nc3 g6 4. Bc4 Bg7 5. d3 O-O 6. O-O c6 7. a3 a6 8. Ne2
Nbd7 9. Ng3 b5 10. Ba2 e5 11. Bg5 h6 12. Bd2 Nc5 13. Qc1 Kh7 14. b4 Ne6 15. c3
Qc7 16. Bb3 d5 17. exd5 cxd5 18. Re1 e4 19. dxe4 dxe4 20. Nxe4 Nxe4 21. Rxe4
Bb7 22. Re3 Nf4 23. Qe1 Bf6 24. Qf1 Rad8 25. Rd1 Rd7 26. g3 Rfd8 1/2-1/2

[Event "Schachfestival 2014 - Senioren"]
[Site "Woerishofen Bad"]
[Date "2014.03.26"]
[Round "6.11"]
[White "Plischke, Berthold"]
[Black "Lainburg, Viktor"]
[Result "0-1"]
[WhiteElo "2028"]
[BlackElo "2188"]
[PlyCount "54"]
[EventDate "2014.03.21"]
[EventType "swiss"]
[EventCountry "GER"]
[WhiteTeam "Schachverein Wesel 1928 e.V."]
[BlackTeam "SC Weisse Dame Ulm e.V."]
[WhiteTeamCountry "GER"]
[BlackTeamCountry "GER"]

1. e4 Nf6 2. e5 Nd5 3. d4 d6 4. Nf3 Bg4 5. Be2 e6 6. c4 Nb6 7. Bg5 Be7 8. Bxe7
Qxe7 9. Qb3 O-O 10. Nbd2 dxe5 11. Nxe5 Bxe2 12. Kxe2 c5 13. a4 cxd4 14. a5 Qc7
15. Ndf3 N6d7 16. Nxd7 Qxd7 17. Rhe1 Nc6 18. Kf1 Rad8 19. Qb5 f6 20. a6 b6 21.
Qh5 e5 22. Rad1 Qf7 23. Qh4 Qxc4+ 24. Kg1 Qxa6 25. g4 Qc8 26. g5 Qf5 27. Kg2
Qxf3+ 0-1

[Event "Schachfestival 2014 - Senioren"]
[Site "Woerishofen Bad"]
[Date "2014.03.26"]
[Round "6.22"]
[White "Kearsley, Raymond J"]
[Black "Schmidt, Eugen"]
[Result "0-1"]
[WhiteElo "1700"]
[BlackElo "1958"]
[PlyCount "74"]
[EventDate "2014.03.21"]
[EventType "swiss"]
[EventCountry "GER"]
[WhiteTeam "Wimbledon"]
[BlackTeam "SF Oos e.V."]
[WhiteTeamCountry "ENG"]
[BlackTeamCountry "GER"]

1. e4 c5 2. d4 cxd4 3. c3 e5 4. Nf3 Nc6 5. Bc4 Nf6 6. cxd4 exd4 7. e5 Nxe5 8.
Nxe5 Qa5+ 9. Nd2 Qxe5+ 10. Qe2 Qxe2+ 11. Bxe2 Bc5 12. O-O h6 13. Nb3 Bb6 14.
Bf4 O-O 15. Bd6 Re8 16. Bf3 Ne4 17. Ba3 d5 18. Rad1 d3 19. g3 Bd7 20. Kg2 Bb5
21. Nd2 Rac8 22. Bxe4 dxe4 23. Rc1 f5 24. b3 Bc6 25. Kh3 g5 26. Nc4 g4+ 27. Kh4
Bd8+ 28. Kh5 Bg5 29. Ne3 Rf8 30. Rxc6 bxc6 31. Bxf8 Rxf8 32. Nc4 Kh7 33. Ne5 a5
34. h4 gxh3 35. f4 exf3 36. Rxf3 d2 37. Rd3 h2 0-1